000
00290nam a2200121Ia 4500
008
190802s9999 xx 000 0 und d
020
_a
978-0-8153-6853-3
100
_a
Calum Chace
245
0
_a
Artificial Intelligence
260
_a
New Delhi
_b
CRC
_c
2018
300
_a
375:P
942
_c
BK
999
_c
2136
_d
2136